00492nam a22001457a 4500003000400000020001800004082001400022100004600036245005800082260005200140300000800192942001200200952011700212999001700329SGT a9789353222352 a820bJ19M aमल्होत्रा, ममता aजयप्रकाश : तुम लौट आओ bप्रभात प्रकाशन c2019 a184 2ddccBK 00102ddc4071aCLbCLcREFd2025-01-24g400.00iSGTUl0o820 J19MpCH1969r2025-01-24 00:00:00w2025-01-24yBK c29316d29316